Rappeur en A - Statistiques

Statistiques générales
  • Ce quiz a été pris 79 fois
  • Le résultat moyen est 6 sur 11
Statistiques - réponses
Par images Réponse % Correct
Alonzo
81%
Ademo
78%
Alpha Wann
75%
Akhenaton
69%
Alkpote
69%
A$AP Rocky
61%
Ashe 22
54%
Akon
44%
Ali
17%
Andre 3000
11%
A$AP Ferg
8%
Aucun quiz correspondant
Distribution des résultats
% des personnes avec chaque résultat
Percentile par nombre de réponses
Votre historique - résultats
Vous n’avez pas pris ce quiz